000 00602nam a2200205Ia 4500
005 20250508150600.0
008 008 250505s9999 xx 000 0 eng d
037 _aTextual
040 _aFEDL
_beng
_cFEDL
041 _aeng
_2eng
084 _a155.4, COA
_qFEDL
100 _aCoade T.F.
_9757094
245 0 _aManhood : In the making
260 _aBombay, India.
_bD.B. Taraporevala Sons and Company Limited
300 _axi,295p.
490 _aTaraporevala's " Self-Improvement " Series
650 _aChild Psychology
942 _cTEXL
_h155.4, COA
999 _c1324386
_d1324386